00286nam a2200121Ia 4500008004100000041000800041082001200049100001600061245001400077260004700091300001900138365000700157240624s9999 xx 000 0 und d aeng a823 NAR aNARAYAN R K aDARK ROOM c2004aChennaibIndian Thought Publications a162 : cm. ; 22 cRS